| 000 | 00476nam a22001817a 4500 | ||
|---|---|---|---|
| 005 | 20251108165013.0 | ||
| 008 | 250721s1993 xx 000 0 ara d | ||
| 082 | 1 | 4 | _a530.11/مصط |
| 100 | 1 | _aمحمود، مصطفى | |
| 245 | 1 | 0 | _aآينشتين و النسبية / |
| 250 | _aط7. | ||
| 264 | 1 |
_aالقاهره : _bدار المعارف، _c1993. |
|
| 300 | _a99ص | ||
| 650 | 1 | 7 | _aالفيزياء |
| 650 | 1 | 7 | _aالنسبية |
| 942 |
_2ddc _cBK |
||
| 999 |
_c19639 _d19639 |
||